000 00324nam a2200133Ia 4500
005 20251222141831.0
008 251222s9999||||xx |||||||||||||| ||spa||
020 _a978-958-648-512-8
082 _a657.45/B38
100 _aBell, Timothy
245 0 _aAuditoría Basada en Riesgos:
264 _bEcoe Ediciones
942 _cLIB
999 _c7097
_d7097